000
00314nam a22001457a 4500
020
_a
81-7478-506-X
082
_a
920
_b
SRI/H
100
_a
SRINIVASA,ARCHANA
245
_a
HEROES OF WORLD WAR II
250
_a
FIRST
260
_a
CHENNAI
_b
SURA BOOKS
300
_a
92
650
_a
BIOGRAPHY
_z
CHENNAI
942
_c
BK
999
_c
6463
_d
6463